Harry Potter and the Half Blood Prince

Պահպանված է:
Մատենագիտական մանրամասներ
Հիմնական հեղինակ: Rowling, J. K (Հեղինակ)
Ձևաչափ: Անհայտ
Հրապարակվել է: London, United Kingdom: Bloomsbury Publishing PLc, 2014.
Շարք:The Harry Potter Series,
Խորագրեր:
Ցուցիչներ: Ավելացրեք ցուցիչ
Չկան պիտակներ, Եղեք առաջինը, ով նշում է այս գրառումը!

MARC

LEADER 00000 a2200000 4500
003 CL-VaPUC
005 20230111171514.0
008 230109t2014 ||||| |||| 00| 0 eng d
999 |c 439201  |d 439199 
020 |a 978-1408855706 
040 |c Pontificia Universidad Católica de Valparaíso 
082 7 |a 823 ROWh 2014  |2 22 
100 |a Rowling, J. K  |9 554655  |e author 
245 |a Harry Potter and the Half Blood Prince 
260 |a London, United Kingdom:  |b Bloomsbury Publishing PLc,  |c 2014.  
300 |a 541 páginas.  
490 |a  The Harry Potter Series,   |n 6. 
583 |k GC  |c 20230109 
650 |a Novelas inglesas  |9 265220 
650 |a Novelas juveniles inglesas   |9 462416 
650 |a Literatura inglesa   |9 312907 
942 |2 ddc  |c BK 
952 |0 0  |1 0  |2 ddc  |4 0  |6 823_000000000000000_ROWH_2014  |7 0  |8 A  |9 588583  |a BIBEDU  |b BIBEDU  |d 2023-01-06  |e 74  |g 17137.00  |i 5656368  |l 1  |o 823 ROWh 2014  |p 5656368  |r 2024-04-12  |s 2024-04-05  |t 2  |v 17137.00  |w 2023-01-06  |y BK  |k LIT 
952 |0 0  |1 0  |2 ddc  |4 0  |6 823_000000000000000_ROWH_2014  |7 0  |8 A  |9 588584  |a BIBEDU  |b BIBEDU  |d 2023-01-06  |e 74  |g 17137.00  |i 5656367  |o 823 ROWh 2014  |p 5656367  |r 2023-01-06  |t 1  |v 17137.00  |w 2023-01-06  |y BK  |k LIT